FDI in India : (Record no. 139119)
[ view plain ]
| 000 -LEADER | |
|---|---|
| fixed length control field | 00693nam a22002057a 4500 |
| 005 - DATE AND TIME OF LATEST TRANSACTION | |
| control field | 20170420171819.0 |
| 010 ## - LCCN (DPL NO) | |
| LC control number | ENG-117786 |
| 020 ## - INTERNATIONAL STANDARD BOOK NUMBER | |
| International Standard Book Number | 9789386392398 |
| Terms of availability | 695.00 |
| 035 ## - SYSTEM CONTROL NUMBER | |
| System control number | EN-101318 |
| 037 ## - SOURCE OF ACQUISITION | |
| Source of stock number/acquisition | DBAD/PUB |
| 082 ## - DEWEY DECIMAL CLASSIFICATION NUMBER | |
| Classification number | 332.6730954 |
| 100 ## - MAIN ENTRY--PERSONAL NAME | |
| Personal name | Pant,Manoj |
| 245 ## - TITLE STATEMENT | |
| Title | FDI in India : |
| Statement of responsibility, etc | by Manoj Pant [and] Deepika Srivastava |
| Remainder of title | history, policy and the asian perspective / |
| 260 ## - PUBLICATION, DISTRIBUTION, ETC. (IMPRINT) | |
| Place of publication, distribution, etc | Telangana,India |
| Name of publisher, distributor, etc | Orient Blackswan |
| Date of publication, distribution, etc | 2017 |
| 270 ## - ADDRESS | |
| Address | 3-6-752 Himayatnagar,Hyderabad |
| City | Telangana,India |
| Postal code | 500029 |
| 300 v# - PHYSICAL DESCRIPTION | |
| Extent | xix,298p.: |
| Dimensions | 21cm (pbk) |
| Other physical details | ill. |
| 500 ## - GENERAL NOTE | |
| General note | Includes references and index |
| 700 ## - ADDED ENTRY--PERSONAL NAME | |
| Personal name | Srivastava,Deepika |
| 942 ## - ADDED ENTRY ELEMENTS (KOHA) | |
| Source of classification or shelving scheme | Dewey Decimal Classification |
| Item type | English Books |
| Call number suffix | PAN |
| Classification part | 332.6730954 |
| Withdrawn status | Lost status | Not for loan | Collection code | Home library | Current library | Date acquired | Source of acquisition | Cost, normal purchase price | Full call number | Barcode | Copy number | Cost, replacement price | Koha item type |
|---|---|---|---|---|---|---|---|---|---|---|---|---|---|
| Non-fiction | Shahdara Branch | Shahdara Branch | 20/04/2017 | DBAD/PUB | 695.00 | 332.6730954 PAN | EN-101318 | 1 | 695.00 | English Books |
